000
00316nam a2200133Ia 4500
008
191201s2009 xx 000 0 und d
082
_a
670.423
_b
GAW
100
_a
Garg, S K
245
0
_a
Workshop Technology
260
_a
N.Delhi
_b
University Press
_c
2009
300
_a
542
650
_a
Applied
942
_2
ddc
_c
BK
_0
3
999
_c
3308
_d
3308